MAASAI MARA UNIVERSITY

LIBRARY CATALOGUE

Contact Us: +254 020 2685356/7 or 0774 057787

Box: 861-20500, NAROK, KENYA

Email: info@mmarau.ac.ke

Organised Crime, Financial Crime, and Criminal Justice : (Record no. 33506)

MARC details
000 -LEADER
fixed length control field 00708nam a22002057a 4500
003 - CONTROL NUMBER IDENTIFIER
control field OSt
005 - DATE AND TIME OF LATEST TRANSACTION
control field 20260422121340.0
008 - FIXED-LENGTH DATA ELEMENTS--GENERAL INFORMATION
fixed length control field 260422b |||||||| |||| 00| 0 eng d
020 ## - INTERNATIONAL STANDARD BOOK NUMBER
International Standard Book Number 9780367897451
020 ## - INTERNATIONAL STANDARD BOOK NUMBER
International Standard Book Number 9781032373331
020 ## - INTERNATIONAL STANDARD BOOK NUMBER
International Standard Book Number 9781003010813
040 ## - CATALOGING SOURCE
Original cataloging agency MMARA-U
Language of cataloging eng
Transcribing agency MMARA-U
Modifying agency MMARA-U
050 ## - LIBRARY OF CONGRESS CALL NUMBER
Classification number K 5215 .O74 2023
245 ## - TITLE STATEMENT
Title Organised Crime, Financial Crime, and Criminal Justice :
Remainder of title Theoretical Concepts and Challenges /
Statement of responsibility, etc. Edited by Dan Jasinski, Amber Phillips, and Ed Johnston.
260 ## - PUBLICATION, DISTRIBUTION, ETC. (IMPRINT)
Place of publication, distribution, etc. London :
Name of publisher, distributor, etc. Routledge,
Date of publication, distribution, etc. 2023.
300 ## - PHYSICAL DESCRIPTION
Extent xv, 243 pages :
504 ## - BIBLIOGRAPHY, ETC. NOTE
Bibliography, etc Includes Bibliography and Index.
650 ## - SUBJECT ADDED ENTRY--TOPICAL TERM
Topical term or geographic name as entry element Setting the condition of competitio.
9 (RLIN) 3091
942 ## - ADDED ENTRY ELEMENTS (KOHA)
Source of classification or shelving scheme Library of Congress Classification
Koha item type L
Holdings
Withdrawn status Lost status Source of classification or shelving scheme Damaged status Not for loan Home library Current library Date acquired Source of acquisition Cost, normal purchase price Total Checkouts Full call number Barcode Date last seen Price effective from Koha item type
    Library of Congress Classification     Maasai Mara University Library -Main Campus Maasai Mara University Library -Main Campus 04/22/2026 Donation 9049.14   K 5215 .O74 2023 26040788 04/22/2026 04/22/2026 L
© 2016 Maasai Mara University.